000 00337 a2200157 4500
001 161893
020 _a84-87099-11-4
040 _cMagnum
100 _aSans, Neus
240 1 0 _aLa llamada de la habana
_lESP
245 1 0 _aLa llamada de la habana
300 _a44
362 0 _a1998
697 _aLITERATURA ESPANHOLA
942 _cBK
999 _c161893
_d161893